16 logos #6 - Statistics

General Stats
  • This quiz has been taken 77 times
  • The average score is 11 of 16
Answer Stats
Picture Answer % Correct
McDonald's
98%
Toyota
98%
Lego
94%
Taco bell
94%
Target
91%
Android
89%
Tesla
89%
Hyundai
87%
Walmart
85%
Qantas
57%
Golden state warriors
49%
Acura
40%
Emirates
34%
Alitalia
21%
Iberia
21%
Thai airways
19%
No matching quizzes found
Score Distribution
Percent of People with Each Score
Percentile by Number Answered
Your Score History
You have not taken this quiz